| 000 | 01347nam0a22002651 4500 | ||
|---|---|---|---|
| 001 | v19\rc\1616148 | ||
| 005 | 20260407142745.0 | ||
| 035 | _a(NLR Aleph) 004734682 | ||
| 090 |
_a4465039 _c4465039 |
||
| 100 | _a20061002d1898 |||y0rusy50 ca | ||
| 101 | 0 | _arus | |
| 102 | _aRU | ||
| 105 | _ay gj ||||| | ||
| 200 | 1 | _aКраткая справочная книжка для экзаменующихся в Военно-медицинской академии на разные ученые степени и звания (д-ра медицины и хирургии, инспектора врачебной управы, уездного врача, провизора, зубного врача и пр.) и список учебных руководств и пособий, принятых в Военно-медицинской академии | |
| 210 |
_aСанкт-Петербург _cН.П. Петров _d1898 |
||
| 215 | _a39 с. | ||
| 300 | _aВ части изд. загл. незначительно изменено | ||
| 710 | 0 | 2 |
_aВоенно-медицинская академия _cПетербург _3RU\NLR\AUTH\8810013557 _9525018 |
| 801 | 0 |
_aRU _bNLR _gpsbo |
|
| 801 | 0 |
_aRU _bRuMoRGB _2psbo |
|
| 801 | 1 |
_aRU _bProSoft-M _2rusmarc |
|
| 852 |
_aNLR _j18.178.4.48 |
||
| 899 |
_aRuMoRGB _jV 439/747 |
||
| 942 | _cBOOK | ||
| 980 | _aNB | ||